Application of digital holography to thermo-optic coefficient measurements /
Saved in:
| Main Author: | |
|---|---|
| Format: | Thesis Book |
| Language: | English |
| Published: |
2003.
|
| Subjects: | |
| Tags: |
Add Tag
No Tags, Be the first to tag this record!
|
| LEADER | 00768cam a2200217 a 4500 | ||
|---|---|---|---|
| 001 | u697883 | ||
| 003 | SIRSI | ||
| 008 | 040825s2003 my t 00 1 eng m | ||
| 040 | |a UMM | ||
| 090 | |a QC3 |b UM 2003 Tan | ||
| 100 | 1 | 0 | |a Tan, Vooi Leng. |
| 245 | 1 | 0 | |a Application of digital holography to thermo-optic coefficient measurements / |c Tan Vooi Leng. |
| 260 | |c 2003. | ||
| 300 | |a viii, 97 leaves : |b ill. ; |c 30 cm. | ||
| 502 | |a Dissertation (M.Sc.) -- Jabatan Fizik, Fakulti Sains, Universiti Malaya, 2003. | ||
| 504 | |a Bibliography: leaves 94-97. | ||
| 650 | 0 | |a Holography |x Data processing. | |
| 710 | 2 | 0 | |a Universiti Malaya. |b Jabatan Fizik. |
| 948 | |a 25/08/2004 |b 25/09/2004 | ||
| 596 | |a 1 | ||
| 999 | |a QC3 UM 2003 TAN |w LC |c 1 |i A511668261 |l STACKS |m P01UTAMA |r Y |s Y |t TESIS |u 16/2/2005 | ||
